000 00524nam a2200193 a 4500
001 1772625970962
003 YourLibrary
005 20260304173722.0
008 260304s1983##################000#0#eng##
020 _a9780671425021
082 0 4 _a327.7304
_bBAR
100 1 _aBarnet, Richard J.,
_eauthor.
245 1 0 _aThe Alliance--America, Europe, Japan :
260 _bNew York : Simon and Schuster,
_c1983.
300 _a536 pages
650 0 _aHistory.
942 _cENGLISH
040 _aYourLibrary
_beng
_cYourLibrary
999 _c616822
_d616822